Sistemas de integracióndel impuesto a la renta societaria (Registro nro. 29070)
[ vista simple ]
| 000 -LEADER | |
|---|---|
| fixed length control field | 00391 a2200109 4500 |
| 001 - CONTROL NUMBER | |
| control field | ART_49762 |
| 005 - DATE AND TIME OF LATEST TRANSACTION | |
| control field | 20260410161936.0 |
| 008 - FIXED-LENGTH DATA ELEMENTS--GENERAL INFORMATION | |
| fixed length control field | 260409a |
| 100 1# - MAIN ENTRY--PERSONAL NAME | |
| Personal name | Reig, Enrique Jorge |
| 245 10 - TITLE STATEMENT | |
| Title | Sistemas de integracióndel impuesto a la renta societaria |
| 773 0# - HOST ITEM ENTRY | |
| Title | Anales de la Academia Nacional de Ciencias Económicas |
| Related parts | - Vol. XXVIII, (1983) (ene./dic. 1983) |
| Record control number | REV25596 |
No hay ítems disponibles.